Nagri nagri phira musafir (Record no. 12193)
[ view plain ]
| 000 -LEADER | |
|---|---|
| fixed length control field | 00271nam a22001217a 4500 |
| 082 ## - DEWEY DECIMAL CLASSIFICATION NUMBER | |
| Classification number | 891.4393 IBN |
| 100 ## - MAIN ENTRY--PERSONAL NAME | |
| Personal name | Ibn-e-Inshah |
| 245 ## - TITLE STATEMENT | |
| Title | Nagri nagri phira musafir |
| 260 ## - PUBLICATION, DISTRIBUTION, ETC. | |
| Place of publication, distribution, etc. | Lahore |
| Name of publisher, distributor, etc. | Lahore Acadey |
| Date of publication, distribution, etc. | 1989 |
| 300 ## - PHYSICAL DESCRIPTION | |
| Extent | 192p. : |
| Accompanying material | 22 cm |
| 700 ## - ADDED ENTRY--PERSONAL NAME | |
| Personal name | Fiction |
| 942 ## - ADDED ENTRY ELEMENTS (KOHA) | |
| Koha item type | Book |
| Withdrawn status | Lost status | Damaged status | Not for loan | Collection code | Permanent Location | Current Location | Shelving location | Date acquired | Source of acquisition | Cost, normal purchase price | Total Checkouts | Total Renewals | Full call number | Barcode | Checked out | Date last seen | Date last checked out | Price effective from | Koha item type |
|---|---|---|---|---|---|---|---|---|---|---|---|---|---|---|---|---|---|---|---|
| Central Library (CL) | Central Library (CL) | General Stacks | 11/13/2013 | Saeed Book Bank | 180.00 | 9 | 3 | 891.4393 IBN | SEECS011933 | 05/20/2026 | 04/20/2026 | 04/20/2026 | 11/13/2013 | Book |
